000 007450000a22001090004500
100 1 _aLockmann, Paulo
245 1 0 _aUna lectura del Sermón del Monte (Mateo 5-7) : El Sermón del Monte en el Evangelio de Mateo
300 _aNum. 27 (1997), Páginas 47-54
520 _aEl artículo aborda el Sermón del Monte, resaltando su telón de fondo del Antiguo Testamento y la relectura que Jesús hace como Maestro y Mesías. De ella surge, a partir de las bienaventuranzas, una nueva ley del evangelio, donde los beneficiarios son los nepioi = pequeñuelos, también llamados ptoxoi to pneumati = pobres de espíritu, los cuales conforman un mismo grupo socio-económico.
773 0 _tRevista de Interpretación Bíblica Latinoamericana
942 _cANA
999 _c52484
_d52484